Spell the Fantastic Four Member #11 - Statistics

General Stats
  • This quiz has been taken 15 times
  • The average score is 5 of 12
Answer Stats
Picture Answer % Correct
She-Thing
93%
Energizer
86%
Agatha Harkness
79%
Lyja the Laserfist
43%
Roz Solomon
43%
Elementa
29%
Sleepwalker
29%
Wyatt Wingfoot
29%
Ebony
21%
Kofi
21%
Lucas (Earth-99315)
14%
Pinyon
14%
No matching quizzes found
Score Distribution
Percent of People with Each Score
Percentile by Number Answered
Your Score History
You have not taken this quiz